|
|
|
|
| LEADER |
04226nam a22005055i 4500 |
| 001 |
978-3-319-15627-9 |
| 003 |
DE-He213 |
| 005 |
20151105111028.0 |
| 007 |
cr nn 008mamaa |
| 008 |
150428s2015 gw | s |||| 0|eng d |
| 020 |
|
|
|a 9783319156279
|9 978-3-319-15627-9
|
| 024 |
7 |
|
|a 10.1007/978-3-319-15627-9
|2 doi
|
| 040 |
|
|
|d GrThAP
|
| 050 |
|
4 |
|a QC801-809
|
| 072 |
|
7 |
|a PHVG
|2 bicssc
|
| 072 |
|
7 |
|a SCI032000
|2 bisacsh
|
| 082 |
0 |
4 |
|a 550
|2 23
|
| 082 |
0 |
4 |
|a 526.1
|2 23
|
| 245 |
1 |
4 |
|a The Earth's Heterogeneous Mantle
|h [electronic resource] :
|b A Geophysical, Geodynamical, and Geochemical Perspective /
|c edited by Amir Khan, Frédéric Deschamps.
|
| 264 |
|
1 |
|a Cham :
|b Springer International Publishing :
|b Imprint: Springer,
|c 2015.
|
| 300 |
|
|
|a XV, 530 p. 166 illus., 142 illus. in color.
|b online resource.
|
| 336 |
|
|
|a text
|b txt
|2 rdacontent
|
| 337 |
|
|
|a computer
|b c
|2 rdamedia
|
| 338 |
|
|
|a online resource
|b cr
|2 rdacarrier
|
| 347 |
|
|
|a text file
|b PDF
|2 rda
|
| 490 |
1 |
|
|a Springer Geophysics
|
| 505 |
0 |
|
|a Part I: Upper Mantle and Transition Zone -- Global Heterogeneity of the Lithosphere and Underlying Mantle: a Seismological Appraisal Based on Multimode Surface-wave Dispersion Analysis, Shear-Velocity Tomography, and Tectonic Regionalization -- Origin of Lateral Heterogeneities in the Upper Mantle Beneath Southeast Australia from Seismic Tomography -- Imaging Mantle Heterogeneity with Upper Mantle Seismic Discontinuities -- Interpreting Radial Anisotropy in Global and Regional Tomographic Models -- Relationships between Seismic Wave-Speed, Density, and Electrical Conductivity Beneath Australia from Seismology, Mineralogy, and Laboratory-Based Conductivity Profiles from Seismic Tomography -- Heterogeneity of Electrical Conductivity in the Oceanic Upper Mantle -- Melt-Pockets and Spongy Clinopyroxenes in Mantle Xenoliths from Plio-Quaternary Al Ghab Volcanic Field, NW Syria: Implications for the Metasomatic Evolution of the Lithosphere -- Elasticity of Continental Crust Around the Mantle Transition Zone -- Effect of Water on Subduction of Continental Materials to the Deep Earth -- Part II: Lower Mantle -- The Composition of the Deep Earth -- Chemical Geodynamics in a Non-Chondritic Earth -- Seismic Detections Of Small-Scale Heterogeneities in the Deep Earth -- Seismic Detection of Post-Perovskite Inside the Earth -- Thermally Dominated Deep Mantle LLSVPs : A Review -- Large-Scale Thermo-Chemical Structure of the Deep Mantle: Observations and Models.
|
| 520 |
|
|
|a This book highlights and discusses recent developments that have contributed to an improved understanding of observed mantle heterogeneities and their relation to the thermo-chemical state of Earth's mantle, which ultimately holds the key to unlocking the secrets of the evolution of our planet. This series of topical reviews and original contributions address 4 themes. Theme 1 covers topics in geophysics, including global and regional seismic tomography, electrical conductivity and seismic imaging of mantle discontinuities and heterogeneities in the upper mantle, transition zone, and lower mantle. Theme 2 addresses geochemical views of the mantle including lithospheric evolution from analysis of mantle xenoliths, composition of the deep Earth, and the effect of water on subduction-zone processes. Theme 3 discusses geodynamical perspectives on the global thermo-chemical structure of the deep mantle. Theme 4 covers application of mineral physics data and phase equilibrium computations to infer the regional-scale thermo-chemical structure of the mantle. .
|
| 650 |
|
0 |
|a Earth sciences.
|
| 650 |
|
0 |
|a Geochemistry.
|
| 650 |
|
0 |
|a Mineralogy.
|
| 650 |
|
0 |
|a Geophysics.
|
| 650 |
1 |
4 |
|a Earth Sciences.
|
| 650 |
2 |
4 |
|a Geophysics/Geodesy.
|
| 650 |
2 |
4 |
|a Geochemistry.
|
| 650 |
2 |
4 |
|a Mineralogy.
|
| 700 |
1 |
|
|a Khan, Amir.
|e editor.
|
| 700 |
1 |
|
|a Deschamps, Frédéric.
|e editor.
|
| 710 |
2 |
|
|a SpringerLink (Online service)
|
| 773 |
0 |
|
|t Springer eBooks
|
| 776 |
0 |
8 |
|i Printed edition:
|z 9783319156262
|
| 830 |
|
0 |
|a Springer Geophysics
|
| 856 |
4 |
0 |
|u http://dx.doi.org/10.1007/978-3-319-15627-9
|z Full Text via HEAL-Link
|
| 912 |
|
|
|a ZDB-2-EES
|
| 950 |
|
|
|a Earth and Environmental Science (Springer-11646)
|